00498nam a22001697a 450000500170000001000150001702000260003203500140005803700090007208200100008110000210009124500590011226000380017127000630020930000370027250000190030920250603165036.0 aENG-145179 a9789389898705c699.00 aEN-128711 bDBAD a006.3 aKikani, Prashant aDemystifying Artificial Intelligence/cPrashant Kikani aNew DelhibBPB Publicationsc2021 aB-14, Connaught Place, New Delhi-110001bNew Delhie110001 axviii,150p.:c24 cm. (pb)bill.  aIncludes index